000
00263nam a2200109Ia 4500
008
220204s9999 xx 000 0 und d
082
_a
323.333
_b
KAM
100
_a
Kamath, M G
245
0
_a
Writing for farm families
260
_a
Bombay
_b
Allied
_c
1969
942
_c
BK
999
_c
26953
_d
26953